| 000 | 00516nam a2200181Ia 4500 | ||
|---|---|---|---|
| 005 | 20250923144312.0 | ||
| 008 | 008 250917s9999 xx 000 0 eng d | ||
| 037 | _aTextual | ||
| 040 |
_aDSWL _beng _cDSWL |
||
| 041 |
_aeng _2eng |
||
| 084 |
_aL:573, H4 _qDSWL |
||
| 100 |
_aScott, Cyril _9823423 |
||
| 245 | 0 |
_aHealth,diet and commonsense _cby Cyril Scott |
|
| 260 |
_aLondon _bHomopathic Pub co. _c1944 |
||
| 300 | _a198 p. | ||
| 942 |
_cTEXL _hL:573, H4 |
||
| 999 |
_c1437188 _d1437188 |
||